F1 Driver´s number - Statistics

General Stats
  • This quiz has been taken 29 times
  • The average score is 20 of 22
Answer Stats
Hint Answer % Correct
Charles Leclerc 16
100%
Max Verstappen 1
96%
Fernando Alonso 14
96%
Daniel Ricciardo 3
96%
Lando Norris 4
96%
Carlos Sainz 55
96%
Valtteri Bottas 77
96%
Kevin Magnussen 20
91%
Alexander Albon 23
91%
Nico Hulkenberg 27
91%
Esteban Ocon 31
91%
Lewis Hamilton 44
91%
George Russell 63
91%
Sergio "Checo" Perez 11
87%
Lance Stroll 18
87%
Zhou Guanyu 24
87%
Mick Schumacher 47
87%
Oscar Piastri 81
87%
Yuki Tsunoda 22
83%
Pierre Gasly 10
78%
Logan Sargeant 2
78%
Liam Lawson 40
74%
No matching quizzes found
Score Distribution
Percent of People with Each Score
Percentile by Number Answered
Your Score History
You have not taken this quiz